000 00449cam a2200193ua 4500
001 11119
008 181108n2001 II |||gr||||Z||||||eng
040 _aMAIN
041 _aEnglish
041 _aeng
082 _a320.3 JOH
082 _a320.54 JOH
100 _aJOHARI, J. C.
245 _aCOMPARATIVE POLITICS
260 _aNEW DELHI
_bSTERLING PUBLISHERS
_c2001
300 _a600.:
_c22cm.
653 _aCOMPARATIVE GOVERNMENT
942 _cBK
999 _c11086
_d11086